[Event "SVK-chT2D 1920"]
[Site "Slovakia"]
[Date "2019.10.26"]
[Round "1.8"]
[White "Stec, Juraj"]
[Black "Kopnicky, Frantisek"]
[Result "0-1"]
[WhiteElo "1929"]
[BlackElo "1833"]
[PlyCount "148"]
[EventDate "2019.10.26"]
[EventType "team-tourn"]
[EventRounds "11"]
[EventCountry "SVK"]
[SourceTitle "CBM 193 Extra"]
[Source "ChessBase"]
[SourceDate "2020.01.31"]
[SourceVersion "1"]
[SourceVersionDate "2020.01.31"]
[SourceQuality "1"]
[WhiteTeam "Kosice Slavia TU IV"]
[BlackTeam "Poprad LS VD"]
[WhiteTeamCountry "SVK"]
[BlackTeamCountry "SVK"]

1. e4 e6 2. d4 d5 3. Nd2 a6 4. c3 c5 5. exd5 exd5 6. dxc5 Bxc5 7. Ngf3 Nf6 8. Nb3 Be7 9. Be2 0-0 10. 0-0 Qc7 11. Bg5 Nbd7 12. Bh4 Nb6 13. Qd4 Bf5 14. Bg3 Bd6 15. Bxd6 Qxd6 16. c4 Qc7 17. c5 Nbd7 18. Rac1 Rfe8 19. Bd3 Bxd3 20. Qxd3 Re4 21. Rc2 Rc8 22. Rfc1 Ne5 23. Nxe5 Qxe5 24. f3 Re1+ 25. Rxe1 Qxe1+ 26. Qf1 Qe3+ 27. Qf2 Qxf2+ 28. Kxf2 Kf8 29. Ke3 Ke7 30. Nd4 Kd7 31. b4 Ne8 32. Kd3 Nc7 33. Nf5 g6 34. Nd6 Rb8 35. Nxf7 Ne6 36. Ne5+ Kc7 37. g3 Rf8 38. f4 g5 39. fxg5 Rf5 40. Re2 Rxg5 41. Nf3 Rg6 42. Nd4 Nxd4 43. Kxd4 Kc6 44. Re7 Rh6 45. h4 Rg6 46. Rxh7 Rg4+ 47. Kc3 Rxg3+ 48. Kb2 Rh3 49. Rh6+ Kc7 50. a3 d4 51. a4 d3 52. Kc3 d2+ 53. Kxd2 Rb3 54. a5 Rxb4 55. Kc3 Rb5 56. Kc4 Rxa5 57. h5 Ra1 58. Rd6 Rc1+ 59. Kd5 Rd1+ 60. Ke6 Rh1 61. Rd5 Kc6 62. Rf5 a5 63. Kf6 a4 64. Kg6 a3 65. Rf2 Kxc5 66. h6 Kc4 67. h7 b5 68. Rf8 b4 69. h8Q Rxh8 70. Rxh8 a2 71. Ra8 b3 72. Kf6 Kc3 73. Ke5 Kb2 74. Kd4 a1Q 0-1

[Event "SVK-chT1E 1718"]
[Site "Slovakia"]
[Date "2018.02.18"]
[Round "9.8"]
[White "Kopera, Michal"]
[Black "Stec, Juraj"]
[Result "1-0"]
[WhiteElo "2108"]
[BlackElo "1953"]
[PlyCount "53"]
[EventDate "2017.10.21"]
[EventType "team-tourn"]
[EventRounds "11"]
[EventCountry "SVK"]
[SourceTitle "EXT 2019"]
[Source "ChessBase"]
[SourceDate "2018.10.10"]
[SourceVersion "1"]
[SourceVersionDate "2018.10.10"]
[SourceQuality "1"]
[WhiteTeam "Zilina Mladost"]
[BlackTeam "Kosice Slavia TU II"]
[WhiteTeamCountry "SVK"]
[BlackTeamCountry "SVK"]

1. e4 c6 2. d4 d5 3. Nc3 dxe4 4. Nxe4 Nd7 5. Nf3 Ngf6 6. Ng3 e6 7. Bd3 Be7 8. 0-0 0-0 9. c4 b6 10. Bf4 Bb7 11. Qe2 c5 12. dxc5 Nxc5 13. Bc2 Qc8 14. Nd4 Rd8 15. Rfd1 Bd6 16. Bg5 Be7 17. b4 Na6 18. a3 Kf8 19. Rac1 h6 20. Bf4 Nb8 21. Ne4 Nxe4 22. Bxe4 Bf6 23. Nb5 Rxd1+ 24. Rxd1 Bxe4 25. Qxe4 Qc6 26. Qh7 Nd7 27. Bd6+ 1-0

[Event "SVK-chT1E 1718"]
[Site "Slovakia"]
[Date "2018.02.17"]
[Round "8.8"]
[White "Stec, Juraj"]
[Black "Sevcikova, Lucia"]
[Result "1-0"]
[WhiteElo "1953"]
[BlackElo "1844"]
[PlyCount "111"]
[EventDate "2017.10.21"]
[EventType "team-tourn"]
[EventRounds "11"]
[EventCountry "SVK"]
[SourceTitle "EXT 2019"]
[Source "ChessBase"]
[SourceDate "2018.10.10"]
[SourceVersion "1"]
[SourceVersionDate "2018.10.10"]
[SourceQuality "1"]
[WhiteTeam "Kosice Slavia TU II"]
[BlackTeam "Kysucke Nove Mesto"]
[WhiteTeamCountry "SVK"]
[BlackTeamCountry "SVK"]

1. e4 c6 2. d4 d5 3. exd5 cxd5 4. c4 e6 5. cxd5 exd5 6. Nc3 Bb4 7. Nf3 Nc6 8. Bb5 Nf6 9. 0-0 0-0 10. Bg5 Bxc3 11. bxc3 Bg4 12. Qd3 Qd6 13. Bxc6 bxc6 14. Bxf6 Qxf6 15. Ne5 Bf5 16. Qf3 Rfc8 17. Rfe1 Qe6 18. Nd3 Be4 19. Qg3 Qg6 20. Qxg6 Bxg6 21. Nc5 Re8 22. f3 f6 23. Kf2 Rab8 24. Rxe8+ Rxe8 25. Re1 Rxe1 26. Kxe1 Kf7 27. Kd2 Ke7 28. Kc1 Kd6 29. Kb2 Bf5 30. Ka3 Kc7 31. g4 Bc8 32. Kb4 Kb6 33. Na4+ Ka6 34. Kc5 Bb7 35. Kd6 Kb5 36. Kc7 Ba8 37. Kb8 c5 38. Kxa8 cxd4 39. cxd4 Kxa4 40. Kxa7 Kb5 41. Kb7 Kc4 42. a4 Kxd4 43. a5 Ke3 44. a6 d4 45. a7 d3 46. a8Q d2 47. Qa3+ Ke2 48. Qb2 Ke1 49. Qc3 Ke2 50. Qb2 Ke1 51. Qc3 Ke2 52. Qc2 Ke1 53. Qe4+ Kf2 54. Qd3 Ke1 55. Qe3+ Kd1 56. Kc6 1-0

[Event "SVK-chT2D 1718"]
[Site "Slovakia"]
[Date "2018.02.04"]
[Round "7.6"]
[White "Heinrich, Jan"]
[Black "Stec, Juraj"]
[Result "1/2-1/2"]
[WhiteElo "1948"]
[BlackElo "1990"]
[PlyCount "91"]
[EventDate "2017.10.28"]
[EventType "team-tourn"]
[EventRounds "11"]
[EventCountry "SVK"]
[SourceTitle "EXT 2019"]
[Source "ChessBase"]
[SourceDate "2018.10.10"]
[SourceVersion "1"]
[SourceVersionDate "2018.10.10"]
[SourceQuality "1"]
[WhiteTeam "Moldava nad Bodvou"]
[BlackTeam "Kosice Slavia TU IV"]
[WhiteTeamCountry "SVK"]
[BlackTeamCountry "SVK"]

1. d4 d5 2. c4 e6 3. Nc3 Nf6 4. Bg5 Be7 5. e3 0-0 6. Nf3 h6 7. Bh4 b6 8. cxd5 Nxd5 9. Bxe7 Qxe7 10. Rc1 Bb7 11. Bd3 c5 12. dxc5 Qxc5 13. Nxd5 Qxd5 14. Qe2 Nd7 15. Bc4 Qa5+ 16. Qd2 Qxd2+ 17. Kxd2 Bxf3 18. gxf3 Ne5 19. Ke2 Rfd8 20. f4 Nxc4 21. Rxc4 Rd7 22. Rd1 Rad8 23. Rxd7 Rxd7 24. Rc8+ Kh7 25. Ra8 Kg6 26. b4 Kf6 27. a4 g6 28. a5 bxa5 29. bxa5 Ke7 30. h4 h5 31. e4 Kd6 32. Ke3 Kc5 33. f5 exf5 34. exf5 Kb5 35. fxg6 fxg6 36. Kf4 Kxa5 37. Kg5 Kb4 38. Kxg6 a5 39. Kxh5 Rf7 40. Rb8+ Ka3 41. Kg6 Rxf2 42. h5 Rg2+ 43. Kh7 a4 44. Ra8 Kb3 45. h6 a3 46. Kh8 1/2-1/2

[Event "SVK-chT2D 1718"]
[Site "Slovakia"]
[Date "2018.01.13"]
[Round "5.6"]
[White "Zigo, Pavol"]
[Black "Stec, Juraj"]
[Result "1/2-1/2"]
[WhiteElo "1741"]
[BlackElo "1990"]
[PlyCount "55"]
[EventDate "2017.10.28"]
[EventType "team-tourn"]
[EventRounds "11"]
[EventCountry "SVK"]
[SourceTitle "EXT 2019"]
[Source "ChessBase"]
[SourceDate "2018.10.10"]
[SourceVersion "1"]
[SourceVersionDate "2018.10.10"]
[SourceQuality "1"]
[WhiteTeam "Kosice Slavia UPJS III"]
[BlackTeam "Kosice Slavia TU IV"]
[WhiteTeamCountry "SVK"]
[BlackTeamCountry "SVK"]

1. Nf3 d5 2. d4 Nf6 3. h3 e6 4. Bf4 c5 5. e3 Nc6 6. c3 Be7 7. Nbd2 0-0 8. Bd3 cxd4 9. exd4 a6 10. 0-0 b5 11. a3 Na5 12. Qc2 Nc4 13. Rfe1 Bb7 14. Be5 h6 15. b4 Nd7 16. Nb3 Rc8 17. Nc5 Bxc5 18. bxc5 Bc6 19. Bf4 Qf6 20. Be5 Qd8 21. Bf4 Re8 22. Ne5 Qf6 23. Bg3 Ndxe5 24. Bxe5 Nxe5 25. Rxe5 a5 26. Qe2 Rb8 27. Rb1 Rb7 28. Bxb5 1/2-1/2

[Event "SVK-chT2D 1516"]
[Site "Slovakia"]
[Date "2015.12.06"]
[Round "6.8"]
[White "Kuklinca, Jan"]
[Black "Stec, Juraj"]
[Result "0-1"]
[WhiteElo "1505"]
[BlackElo "1963"]
[PlyCount "154"]
[EventDate "2015.10.17"]
[EventType "team-tourn"]
[EventRounds "11"]
[EventCountry "SVK"]
[SourceTitle "CBM 170 Extra"]
[Source "ChessBase"]
[SourceDate "2016.02.25"]
[SourceVersion "1"]
[SourceVersionDate "2016.02.25"]
[SourceQuality "1"]
[WhiteTeam "Kosice 1 CC"]
[BlackTeam "Kosice Slavia IV"]
[WhiteTeamCountry "SVK"]
[BlackTeamCountry "SVK"]

1. d4 d5 2. e3 Nf6 3. c4 e6 4. c5 c6 5. b4 a6 6. Bb2 Nbd7 7. Nc3 Qc7 8. Nf3 Be7 9. Be2 0-0 10. 0-0 Re8 11. h3 Bf8 12. a3 e5 13. Re1 exd4 14. exd4 Ne4 15. Bd3 Ndf6 16. Ne5 Nxc3 17. Bxc3 Be6 18. f4 g6 19. Qf3 Nd7 20. f5 Nxe5 21. dxe5 Bxf5 22. Bxf5 gxf5 23. Qxf5 Re6 24. Re3 Rae8 25. Rae1 Bg7 26. Qg5 Kh8 27. Qf5 Qe7 28. Bd4 Kg8 29. Qg4 Rg6 30. Qf5 Qe6 31. Qxe6 Rgxe6 32. Kf2 Bh6 33. R3e2 f6 34. exf6 Rxe2+ 35. Rxe2 Rxe2+ 36. Kxe2 Bg5 37. Bb2 Kf7 38. Kf3 Bxf6 39. Bxf6 Kxf6 40. Kf4 Ke6 41. g4 Kf6 42. h4 Kg6 43. Ke5 Kg7 44. Kf5 h6 45. a4 Kf7 46. a5 Kg7 47. Ke5 Kg6 48. Kf4 Kf6 49. h5 Ke6 50. g5 hxg5+ 51. Kxg5 Kf7 52. h6 Kg8 53. Kf5 Kh8 54. Kg5 Kh7 55. Kh5 d4 56. Kg4 Kxh6 57. Kf4 d3 58. Ke3 d2 59. Kxd2 Kg5 60. Ke3 Kf5 61. Kd4 Kf4 62. Kd3 Kf3 63. Kd4 Ke2 64. Kc3 Ke3 65. Kc4 Kd2 66. Kb3 Kd3 67. Ka3 Kc3 68. Ka4 Kb2 69. b5 axb5+ 70. Kb4 Kc2 71. a6 bxa6 72. Ka5 Kc3 73. Kb6 b4 74. Kxc6 b3 75. Kd7 b2 76. c6 b1Q 77. c7 Qf5+ 0-1

[Event "SVK-chT2D 1516"]
[Site "Slovakia"]
[Date "2015.10.18"]
[Round "2.8"]
[White "Cisko, Miloslav"]
[Black "Stec, Juraj"]
[Result "0-1"]
[WhiteElo "1697"]
[BlackElo "1963"]
[PlyCount "88"]
[EventDate "2015.10.17"]
[EventType "team-tourn"]
[EventRounds "11"]
[EventCountry "SVK"]
[SourceTitle "CBM 169 Extra"]
[Source "ChessBase"]
[SourceDate "2015.12.18"]
[SourceVersion "1"]
[SourceVersionDate "2015.12.18"]
[SourceQuality "1"]
[WhiteTeam "Spisska Stara Ves"]
[BlackTeam "Kosice Slavia IV"]
[WhiteTeamCountry "SVK"]
[BlackTeamCountry "SVK"]

1. Nf3 d5 2. g3 c6 3. Bg2 Bf5 4. 0-0 h6 5. d3 Nf6 6. Re1 Nbd7 7. Nbd2 Nb6 8. b3 e6 9. Bb2 Be7 10. e4 Bh7 11. exd5 cxd5 12. Be5 0-0 13. h3 Nbd7 14. Bf4 Rc8 15. g4 Ne8 16. Nf1 Bf6 17. Rb1 b5 18. Ng3 g5 19. Bc1 Bc3 20. Bd2 Ng7 21. Bxc3 Rxc3 22. Qd2 Qc7 23. Rb2 Rc8 24. Re2 a5 25. Nh5 Nxh5 26. gxh5 Qf4 27. Qxf4 gxf4 28. Nd4 b4 29. Rd2 R3c5 30. Bf3 e5 31. Ne2 d4 32. Kh2 f5 33. h4 Nf6 34. Bb7 R8c7 35. Ba6 Kf8 36. f3 Nxh5 37. Bc4 Bg8 38. Rd1 Bd5 39. Rf1 Rg7 40. Rf2 Rg3 41. Bxd5 Rxd5 42. Rf1 Rg7 43. Rbb1 Rc5 44. Rfc1 Rgc7 0-1

[Event "SVK-chT2D 14/15"]
[Site "Slovakia"]
[Date "2015.03.07"]
[Round "10.8"]
[White "Stec, Juraj"]
[Black "Butala, Stefan"]
[Result "0-1"]
[WhiteElo "1976"]
[BlackElo "1933"]
[PlyCount "128"]
[EventDate "2014.10.11"]
[EventType "team-tourn"]
[EventRounds "11"]
[EventCountry "SVK"]
[SourceTitle "EXT 2019"]
[Source "ChessBase"]
[SourceDate "2018.10.10"]
[SourceVersion "1"]
[SourceVersionDate "2018.10.10"]
[SourceQuality "1"]
[WhiteTeam "Kosice Slavia TU IV"]
[BlackTeam "Velke Kapusany Energetik"]
[WhiteTeamCountry "SVK"]
[BlackTeamCountry "SVK"]

1. e4 c5 2. Nf3 d6 3. Bb5+ Bd7 4. Bxd7+ Nxd7 5. 0-0 g6 6. c3 Ngf6 7. Re1 Bg7 8. d4 0-0 9. h3 b5 10. Bf4 Qb6 11. e5 Nh5 12. Bh2 Bh6 13. dxc5 Nxc5 14. exd6 exd6 15. Qxd6 Qxd6 16. Bxd6 Rfc8 17. Bxc5 Rxc5 18. Nbd2 Nf4 19. Ne4 Rc7 20. Rad1 Ne6 21. a3 a5 22. Nf6+ Kh8 23. Nd5 Rc5 24. Ne5 Ra7 25. Nxf7+ Rxf7 26. Rxe6 Rd7 27. Ne3 Rxd1+ 28. Nxd1 Rd5 29. Ne3 Rd2 30. b4 axb4 31. axb4 Rd3 32. Rc6 Kg8 33. Rc8+ Kf7 34. Ng4 Bg7 35. Rc7+ Kf8 36. Rc5 Bxc3 37. Rxb5 Rd1+ 38. Kh2 Rb1 39. Rb8+ Kg7 40. Rb7+ Kg8 41. b5 h5 42. Nh6+ Kh8 43. Nf7+ Kg8 44. h4 Be1 45. Ne5 Bxf2 46. Nxg6 Rb4 47. Ne7+ Kh8 48. g3 Rb3 49. Nf5 Rf3 50. Rf7 Rb3 51. Kg2 Be1 52. Rb7 Bc3 53. b6 Be5 54. Re7 Bf6 55. Re6 Bc3 56. Rh6+ Kg8 57. Rxh5 Rxb6 58. Rg5+ Kh7 59. Rg7+ Bxg7 60. Nxg7 Kxg7 61. Kf3 Rb4 62. g4 Kf6 63. g5+ Kg6 64. Kg3 Kh5 0-1